Catálogo público

Agricultura orgánica : bases técnicas / Laura Gómez Tovar y Manuel Ángel Gómez Cruz (Record no. 216876)

MARC details
000 -CABECERA
campo de control de longitud fija 00957nam a2200277Ia 4500
001 - NÚMERO DE CONTROL
campo de control Z_2748
008 - DATOS DE LONGITUD FIJA--INFORMACIÓN GENERAL
campo de control de longitud fija 220601s9999 xx 000 0 und d
020 ## - NÚMERO INTERNACIONAL ESTÁNDAR DEL LIBRO
Número Internacional Estándar del Libro 978-607-12-0450-9
082 ## - NÚMERO DE LA CLASIFICACIÓN DECIMAL DEWEY
Número de clasificación 631.584 G66
100 ## - ENTRADA PRINCIPAL--NOMBRE DE PERSONA
Nombre de persona Gómez Tovar, Laura
9 (RLIN) 49914
245 ## - MENCIÓN DE TÍTULO
Título Agricultura orgánica : bases técnicas / Laura Gómez Tovar y Manuel Ángel Gómez Cruz
260 ## - PUBLICACIÓN, DISTRIBUCIÓN, ETC.
Lugar de publicación, distribución, etc. México : UACh. Centro de Investigaciones Interdiciplinarias para el Desarrollo Rural Integral (CIIDRI)
300 ## - DESCRIPCIÓN FÍSICA
Extensión xii, 91 p.
440 ## - MENCIÓN DE SERIE/PUNTO DE ACCESO ADICIONAL--TÍTULO
Título (Publicaciones agroecológicas)
9 (RLIN) 135200
503 ## - NOTA DE HISTORIA BIBLIOGRÁFICA (BK CF MU) [OBSOLETO]
Nota de historia bibliográfica ej.1: donación 2017
504 ## - NOTA DE BIBLIOGRAFÍA, ETC.
Nota de bibliografía, etc. Bibliografía: p. 85-91
650 ## - PUNTO DE ACCESO ADICIONAL DE MATERIA--TÉRMINO DE MATERIA
Término de materia o nombre geográfico como elemento de entrada 1. Producción orgánica
650 ## - PUNTO DE ACCESO ADICIONAL DE MATERIA--TÉRMINO DE MATERIA
Término de materia o nombre geográfico como elemento de entrada Agricultura sustentable
650 ## - PUNTO DE ACCESO ADICIONAL DE MATERIA--TÉRMINO DE MATERIA
Término de materia o nombre geográfico como elemento de entrada Agroecología
9 (RLIN) 162546
700 ## - PUNTO DE ACCESO ADICIONAL--NOMBRE DE PERSONA
Nombre de persona Gómez Cruz, Manuel Ángel, coaut.Ì
9 (RLIN) 179786
901 ## - ELEMENTOS DE DATOS A LOCAL LDA (RLIN)
a 631.584 G66
902 ## - ELEMENTOS DE DATOS B LOCAL, LDB (RLIN)
a M
905 ## - ELEMENTOS DE DATOS E LOCAL, LDE (RLIN)
a 5232272017 mx dmn 8222123322spa16
942 ## - ELEMENTOS DE PUNTO DE ACCESO ADICIONAL (KOHA)
Tipo de ítem Koha Libro_

No items available.